000 00383nam a22001577a 4500
020 _a9788193178270
082 _aH3
_bMAY/N
100 _aMaya Harishyam
245 _aNarobhaskar ki maya bitto/
_cby Maya Harishyam
260 _aKanpur:
_bSahitya Ratnakar,
_c2016.
300 _a224p.
650 _aNovel Hindi
650 _aLiterature Hindi
650 _aLiterature
942 _cBK
999 _c72021
_d72021